| Tag |
First Indicator |
Second Indicator |
Subfields |
| LEADER |
00000cam a2200000 4500 |
| 001 |
in00000052755 |
| 005 |
20151007074124.0 |
| 008 |
721030s1925 mdua 00010 eng u |
| 010 |
|
|
|a 25008857
|
| 035 |
|
|
|a (OCoLC)00479684
|
| 035 |
|
|
|9 AAF0978AM
|
| 040 |
|
|
|c KSU
|d CHS
|d TXA
|d UtOrBLW
|
| 049 |
|
|
|a TXAM
|c [40451]
|
| 050 |
0 |
0 |
|a QP525
|b .M5
|
| 092 |
|
|
|a 541.345
|b M62e
|
| 096 |
|
|
|a QP 525 M621e 1925
|
| 100 |
1 |
|
|a Michaelis, Leonor,
|d 1875-1949.
|
| 245 |
1 |
4 |
|a The effects of ions in colloidal systems /
|c by Dr. Leonor Michaelis.
|
| 264 |
|
1 |
|a Baltimore :
|b Williams & Wilkins company,
|c 1925.
|
| 300 |
|
|
|a 108 pages :
|b diagrams ;
|c 19 cm.
|
| 336 |
|
|
|a text
|b txt
|2 rdacontent
|
| 337 |
|
|
|a unmediated
|b n
|2 rdamedia
|
| 338 |
|
|
|a volume
|b nc
|2 rdacarrier
|
| 650 |
|
0 |
|a Ions.
|
| 650 |
|
0 |
|a Colloids.
|
| 999 |
|
|
|a MARS
|
| 999 |
f |
f |
|s 305a0603-8be7-3e7a-af2b-e80becb1c9a9
|i ecf3ec4a-ccaf-3773-9172-274237095cb7
|t 0
|
| 952 |
f |
f |
|p ric
|a Texas A&M University
|b Rellis Campus
|c Joint Library Facility
|d Remote Storage
|t 0
|e QP525 .M5
|h Library of Congress classification
|i unmediated -- volume
|m A14800936151
|
| 998 |
f |
f |
|a QP525 .M5
|t 0
|l Remote Storage
|